000 00927nam a2200277 i 4500
001 16215
003 ES-MaACL
005 20250801043711.0
007 t|
008 000711s1996 mx |||| | spa d
020 _a968-16-1058-X
080 _a291.612
100 1 _aEliade, Mircea.
_946955
245 1 3 _aEl chamanismo y las técnicas arcaicas del éxtasis /
_cpor Mircea Eliade ; [traducción de Ernestina de Champourcin].
250 _a2ª ed. en español
_b6ª reimp.
260 _aMéxico :
_bFondo de Cultura Económica,
_c1996.
300 _a484 p. ;
_c21 cm.
490 1 _aSección de obras de antropología
504 _aReferencias bibliográficas.
650 1 4 _aChamanismo.
_910913
650 4 _aÉxtasis.
_9160674
700 1 _aChampourcin, Ernestina de,
_d1905-1999
_937933
830 0 _aSección de obras de antropología
_9179904
852 _aES-MaACL
_jL-23413
999 _c16215
_d16215